=LDR 00000nam 2200000 4500 =001 INLIS000000000034431 =005 20130612140335 =008 ***********************************ind** =035 ##$$0010-061300000034431 =041 ##$$a ind =082 ##$$a 520.7 =090 ##$$a 520.7, Van g =100 ##$$a Vancleave, Janice Pratt =245 ##$$a Gembira bermain dengan astronomi, 101 percobaab yang pasti berhasil/Janice Pratt Vancleave; Penerjemah, Dadi Pakar =260 ##$$a [S.a] $b Jakarta =300 ##$$a xiii,130 hlm., Ilus., 25 cm =650 ##$$a Astronomi - Bacaan Anak =850 ##$$a NBPNMAT